000 00778nam a2200253Ia 4500
003 OSt
005 20220927110506.0
006 a|||||r|||| 00| 0
007 ta
008 220926b |||||||| |||| 00| 0 eng d
024 _a80295
037 _cReports
040 _aRTL
_cRTL
_beng
041 _2eng
_aeng
082 _a"X 9(D62125): 531.2.N62t, K3/GD"
110 _a"INDIA, TARIFF (Commission-) (Delhi India)"
_9378811
245 0 _aReport
_b Ball Bearing industry
260 _aDelhi
_bManager of Publication India
_c1963
300 _a83p.
_ccm.
650 _aMechnical
700 _a"INDIA, TARIFF (Commission-) (Delhi India)"
_9378812
942 _h"X 9(D62125): 531.2.N62t, K3/GD"
_cCC
999 _c697027
_d697027